Billie Eilish all songs (May 2024) - Statistics

General Stats
  • This quiz has been taken 90 times
  • The average score is 47 of 62
Answer Stats
Songs % Correct
ocean eyes
97%
&burn
92%
idontwannabeyouanymore
92%
watch
92%
bad guy
90%
bellyache
87%
COPYCAT
87%
my boy
87%
party favor
85%
Happier Than Ever
84%
LUNCH
84%
xanny
84%
you should see me in a crown
84%
8
82%
CHIHIRO
82%
hostage
82%
SKINNY
82%
i love you
81%
BIRDS OF A FEATHER
79%
bury a friend
79%
goodbye
79%
listen before i go
79%
my future
79%
The 30th
79%
Therefore I Am
79%
when the party's over
79%
all the good girls go to hell
77%
BLUE
77%
Getting Older
77%
Halley's Comet
77%
ilomilo
77%
Lost Cause
77%
TV
77%
WILDFLOWER
77%
wish you were gay
77%
Billie Bossa Nova
76%
BITTERSUITE
76%
Everybody Dies
76%
I Didn't Change My Number
76%
L'AMOUR DE MA VIE
76%
Oxytocin
76%
THE GREATEST
76%
lovely
74%
Male Fantasy
74%
OverHeated
74%
everything i wanted
73%
No Time To Die
73%
Your Power
73%
Bored
71%
GOLDWING
71%
Six Feet Under
71%
THE DINER
71%
NDA
69%
What Was I Made For?
69%
my strange addiction
68%
come out and play
65%
bitches broken hearts
63%
WHEN I WAS OLDER
61%
hotline (edit)
56%
Lo Vas A Olvidar
55%
Not My Responsability
24%
!!!!!!!
8%
No matching quizzes found
Score Distribution
Percent of People with Each Score
Percentile by Number Answered
Your Score History
You have not taken this quiz